Postmodernidad y cristianismo: el desafío del fragmento

Saved in:
Bibliografiske detaljer
Hovedforfatter: Mardones Martínez, José María (autor)
Format: Bog
Sprog:spansk
Udgivet: Santander Sal Terrae 1988
Serier:Presencia teológica, 50
Fag:
Tags: Tilføj Tag
Ingen Tags, Vær først til at tagge denne postø!

MARC

LEADER 00000nam a2200000 a 4500
001 UCX0247
003 CL-VaPUC
008 890831e19880000SP |||||||||||||||||spa|d
020 |a 8429308180 
082 0 4 |a 200.1  |b MAR  |2 21 
100 |a Mardones Martínez, José María  |e autor  |9 492469 
245 1 0 |a Postmodernidad y cristianismo: el desafío del fragmento 
300 |a 155 p 
942 |c BK 
945 |d 19890831 00:00:00 
260 |a Santander  |b Sal Terrae  |c 1988 
650 0 |a Cristianismo  |9 257361 
583 |a last modification  |c 19890831 00:00:00  |k Rodrigo Vera 
490 0 |a Presencia teológica, 50 
999 |c 221910  |d 221908 
952 |0 0  |1 0  |4 0  |6 200_100000000000000_MAR_1988  |7 0  |8 A  |9 215954  |a BIBTEO  |b BIBTEO  |d 2019-11-15  |i 2845229  |o 200.1 MAR 1988  |p 2845229  |r 2025-01-17  |w 2019-11-15  |y BK  |k ICR